International Cricketers by Picture - Statistics

General Stats
  • This quiz has been taken 97 times
    96 since last reset
  • The average score is 13 of 16
Answer Stats
Picture Answer % Correct
Steve Smith
98%
Virat Kohli
96%
David Warner
95%
Joe Root
95%
Ben Stokes
93%
Pat Cummins
93%
Kane Williamson
92%
James Anderson
89%
Jasprit Bumrah
89%
Babar Azam
88%
Rashid Khan
84%
Trent Boult
81%
Kagiso Rabada
76%
Marnus Labuschagne
71%
Jason Holder
69%
Dimuth Karunaratne
34%
No matching quizzes found
Score Distribution
Percent of People with Each Score
Percentile by Number Answered
Your Score History
You have not taken this quiz since the last reset